| 000 | 00632nam a2200193Ia 4500 | ||
|---|---|---|---|
| 003 | IN-BaIIA | ||
| 008 | 211028s9999 xx 000 0 eng d | ||
| 040 | _cIIA Library | ||
| 080 |
_a03:53 _bGLA-1 |
||
| 245 | 2 |
_aA dictionary of applied physics _bvol. V, aeronautics metallurgy general Index _cedited by Richard Glazebrook |
|
| 260 |
_aLondon _bMacmillan _c1923 |
||
| 300 | _avii, 592p. | ||
| 650 |
_aAeronautics Metallurgy _9613 |
||
| 650 |
_aApplied Physics Dictonary _9614 |
||
| 650 | _aAstronomy and Astrophysics Thesaurus | ||
| 650 |
_aDictionaries-Applied Physics _9615 |
||
| 700 |
_aGlazebrook, Richard, ed. _9616 |
||
| 942 | _cBK | ||
| 999 |
_c305 _d305 |
||